Priority KOZ SR na 2. polrok 1995

Bibliographic Details
Format: Article
Language:Slovak
Subjects:

MARC

LEADER 00000nab a2200000 a 4500
001 vtls000551755
003 SK-MaSNL
005 20260303015346.0
008 150430c1995 xo 0 slo
015 |a SNBRB19rr/mm-uuuuu 
035 |a CL0551893 
040 |a SNKBUCL  |b slo  |c SNKBUCL  |e AACR2 
041 0 |a slo 
044 |a xo  |c SK 
080 |a 331.881(437.6)  |2 1981 
245 0 0 |a Priority KOZ SR na 2. polrok 1995 
650 0 7 |a Konfederácia odborových zväzov Slovenskej republiky  |2 snkbucl  |9 893788 
655 7 |a články z novín a časopisov  |2 snkbucl  |9 267496 
773 0 |t Práca  |g Roč. 50, č. 143 (21. 6. 1995), s. 3 
850 |a Slovenská národná knižnica v Martine  |a MTA001 
852 |a SNK  |b KIS3GCP 
958 |a RK 
958 |a SK 
992 |a RBX 
999 |c 1612331  |d 1614261